00452nam a2200181 a 4500001001300000003000900013005001700022008004100039020000900080082001600089100001700105245002700122260004500149300000800194500003500202650001600237700001700253nice12345678IN_TiNIC20260116014455.0070411s2004 newa grp 000 0 eng  ac2500a344.01bPAN aPanday, Ajay aRights of the Consumer aNew DelhibIndian Social Institutec2004 a40p aincludes index and biblioraphy aLaboure Law1 aPanday, Ajay